Online
Catalog

VII seminario de investigación científica / (Record no. 44039)

MARC details
000 -CABECERA
campo de control de longitud fija 00775nam a2200181 a 4500
001 - NÚMERO DE CONTROL
campo de control 000044550
005 - FECHA Y HORA DE LA ÚLTIMA TRANSACCIÓN
campo de control 20250701130548.0
008 - DATOS DE LONGITUD FIJA--INFORMACIÓN GENERAL
campo de control de longitud fija 140714s2012 dr a 000 0 spa d
040 ## - FUENTE DE LA CATALOGACIÓN
Centro catalogador/agencia de origen DO-SdBNP
Lengua de catalogación spa
Centro/agencia transcriptor BNPHU
082 ## - NÚMERO DE LA CLASIFICACIÓN DECIMAL DEWEY
Número de clasificación xxxx
Número de documento/Ítem xxxx
111 2# - ENTRADA PRINCIPAL--NOMBRE DE CONGRESO/REUNIÓN
Nombre de congreso/reunión o jurisdicción como elemento de entrada VII seminario de investigación científica
Número del congreso/reunión o número de parte o sección (7mo. :
Fecha del congreso/reunión 6, 7 y 8 de dic. 2012
Sede del congreso/Lugar de la reunión Santo Domingo)
9 (RLIN) 72560
245 10 - MENCIÓN DE TÍTULO
Título VII seminario de investigación científica /
Mención de responsabilidad, etc. editores ; Carlos Ml. Rodríguez Peña, Plácido F. Gómez Ramírez.
260 ## - PUBLICACIÓN, DISTRIBUCIÓN, ETC.
Lugar de publicación, distribución, etc. Santo Domingo :
Nombre del editor, distribuidor, etc. MESCYT,
Fecha de publicación, distribución, etc. 2012.
300 ## - DESCRIPCIÓN FÍSICA
Extensión 60 p. :
Otras características físicas il. ;
Dimensiones 28 cm.
700 12 - PUNTO DE ACCESO ADICIONAL--NOMBRE DE PERSONA
Nombre de persona Rodríguez Peña, Carlos Ml.
Término indicativo de función/relación ed.
9 (RLIN) 72561
700 12 - PUNTO DE ACCESO ADICIONAL--NOMBRE DE PERSONA
Nombre de persona Gómez Ramírez, Plácido F.
Término indicativo de función/relación ed.
9 (RLIN) 72562
710 1# - PUNTO DE ACCESO ADICIONAL--NOMBRE DE ENTIDAD CORPORATIVA
Nombre de entidad corporativa o nombre de jurisdicción como elemento de entrada República Dominicana.
Unidad subordinada Ministerio de Educación Superior, Ciencia y Tecnología
9 (RLIN) 72559
Holdings
Estado de retiro Estado de pérdida No para préstamo Código de colección Localización permanente Ubicación/localización actual Ubicación en estantería Fecha de adquisición Número de inventario Total de préstamos Signatura topográfica completa Código de barras Fecha visto por última vez Precio válido a partir de Tipo de ítem Koha Número de copia Restricciones de uso
    Excluido de préstamo Patrimonio Dominicano Patrimonio Dominicano Patrimonio Dominicano En catalogación 14.07.2014 LF1   xxxx xxxx 44550-10 25.06.2020 25.06.2020 Libro y Folleto Colección Patrimonio Dominicano    
    Excluido de préstamo Patrimonio Dominicano Patrimonio Dominicano Patrimonio Dominicano En catalogación 14.07.2014 LF1   xxxx xxxx 44550-20 25.06.2020 25.06.2020 Libro y Folleto Colección Patrimonio Dominicano e. 2  
      Dominicana de Servicio Patrimonio Dominicano Patrimonio Dominicano En catalogación 14.07.2014 LF1   xxxx xxxx 44550-30 25.06.2020 25.06.2020 Libro y Folleto Colección Dominicana de Servicio e. 3  

Powered by Koha